| 000 | 00432nam a2200157 a 4500 | ||
|---|---|---|---|
| 001 | 000007554 | ||
| 005 | 20200929154218.0 | ||
| 008 | 090909s1984 dr ac 001 0 spa d | ||
| 040 | _aDO-SdBNP | ||
| 082 |
_axxx _bP626g |
||
| 100 | 1 |
_aPieve, Carlos _920969 |
|
| 245 | 1 | 4 |
_aLos genios de la insuficiencia / _cCarlos Pieve. |
| 260 |
_aSanto Domingo, : _bAlfa y Omega, _c1984. |
||
| 300 |
_a350 p. : _bil; retrs ; _c20 cm. |
||
| 049 | _aBNPD | ||
| 999 |
_c7335 _d7335 |
||